Rehabilitation of freshwater fisheries

Guardat en:
Dades bibliogràfiques
Autor principal: Cowx, I. G (Autor)
Format: Llibre
Idioma:anglès
Publicat: Londres Fishing News Books 1994
Matèries:
Etiquetes: Afegir etiqueta
Sense etiquetes, Sigues el primer a etiquetar aquest registre!

MARC

LEADER 00000nam a2200000 a 4500
001 UCZ9485
003 CL-VaPUC
008 960308e19940000UK |||||||||||||||||eng|d
082 0 4 |a 597.092  |b COW  |2 21 
100 0 |a Cowx, I. G  |e author  |9 354492 
245 1 0 |a Rehabilitation of freshwater fisheries 
300 |a 486 p 
942 |c BK 
945 |d 19960308 00:00:00  |a rleighto 
260 |a Londres  |b Fishing News Books  |c 1994 
650 7 |a PECES  |2 CL-VaPUC  |9 354493 
650 0 |a Peces de agua dulce   |9 261578 
650 0 |a Ecosistemas acuáticos   |9 343699 
650 7 |a HABITAT  |2 CL-VaPUC  |9 267395 
650 0 |a Rios  |9 261760 
650 7 |a LAGOS  |2 CL-VaPUC  |9 261209 
583 |a last modification  |c 19960308 00:00:00  |k Rodrigo Vera 
999 |c 244787  |d 244785 
952 |0 0  |1 0  |4 0  |6 597_092000000000000_COW_1994  |7 0  |8 CCM  |9 258977  |a BIBCUR  |b BIBCUR  |d 2019-11-19  |i 3175049  |l 1  |o 597.092 COW 1994  |p 3175049  |r 2025-04-22  |s 2022-03-30  |w 2019-11-19  |y BK  |k CIM